| 000 | 01237nam0a22002651 4500 | ||
|---|---|---|---|
| 001 | rc\2682201 | ||
| 005 | 20230515100457.0 | ||
| 035 | _a(NLR Aleph) 006810560 | ||
| 090 |
_a6338947 _c6338947 |
||
| 100 | _a20110915d1932 |||y0rusy50 ca | ||
| 101 | 0 | _arus | |
| 102 | _aRU | ||
| 105 | _aa z ||||| | ||
| 200 | 1 |
_aОпределитель растений в нецветущем состоянии для средней части СССР _eС 1 карт. и 14 табл. рис. _fСоставили В. М. Флорова, Л. Г. Раменский с сотрудниками _gВсес. акад. с.-х. наук им. В. И. Ленина Ин-т кормов |
|
| 210 |
_aМосква _aЛенинград _cОгиз - Гос. изд-во с.-х. и колхоз. кооп. лит-ры _d1932 _eМосква _gтип. Профиздата |
||
| 215 |
_a256 с. _cил. _d23х16 см. |
||
| 700 | 1 |
_aФлорова _bВ. М. _gВера Михайловна |
|
| 701 | 1 |
_aРаменский _bЛ. Г. _gЛеонтий Григорьевич |
|
| 712 | 0 | 2 | _aИнститут кормов (Москва) |
| 801 | 0 |
_aRU _bNLR _gpsbo |
|
| 801 | 1 |
_aRU _bELAR _2rusmarc |
|
| 852 |
_aNLR _j32-4/278 |
||
| 942 | _cBOOK | ||
| 980 | _aNB | ||